000 00620nam a2200181Ia 4500
008 100921s9999 xx 000 0 und d
082 _b26391
_a891.463 थ 94
100 _aफडणीस गजानन.
245 _aपूर्वगंध.
260 _bपार्टनर प्रकाशन, मुंबई.
_c1994
300 _a172
_bरसिक साहित्य,पुणे
365 _b70
520 _aललित-कादंबरी.
630 _aपूर्वगंध.
650 _aललित-कादंबरी.
730 _aपूर्वगंध.
942 _cBOOK
999 _c775504
_d775501